A dance with my children / (Record no. 80415)

MARC details
000 -LEADER
fixed length control field 02004nam a22003257a 4500
003 - CONTROL NUMBER IDENTIFIER
control field URS
005 - DATE AND TIME OF LATEST TRANSACTION
control field 20240606211121.0
008 - FIXED-LENGTH DATA ELEMENTS--GENERAL INFORMATION
fixed length control field 240507b |||||||| |||| 00| 0 eng d
050 ## - LIBRARY OF CONGRESS CALL NUMBER
Classification number BEED
Item number L374 2014
245 12 - TITLE STATEMENT
Title A dance with my children /
Statement of responsibility, etc. Aaron Miguel A. Larego [and four others].
260 #1 - PUBLICATION, DISTRIBUTION, ETC.
Date of publication, distribution, etc. [2014]
300 ## - PHYSICAL DESCRIPTION
Extent ix, 68 leaves :
Other physical details illlustrations ;
Dimensions 28 cm
336 ## - CONTENT TYPE
Source rdacontent
Content type term text
337 ## - MEDIA TYPE
Source rdamedia
Media type term unmediated
338 ## - CARRIER TYPE
Source rdacarrier
Carrier type term volume
500 ## - GENERAL NOTE
General note Undergraduate thesis (Elementary Education) - University of Rizal System, Cainta 2014
504 ## - BIBLIOGRAPHY, ETC. NOTE
Bibliography, etc. note Includes bibliographical references.
520 ## - SUMMARY, ETC.
Summary, etc. "Person with disabilities face significant barrier to create and maintain families. On the other hand the most challenging roles in life is becoming a parent. The researcher conducted a qualitative study entitled “A Dance with my Children” focused on the relationship between parents with disability and their children. The study aims to describe the disabilities and difficulties of the parents and to identify their aspirations and hopes with respect to personal attributes, family conditions and social conditions. The study was conducted at Antipolo City in the year 2014-2015." -- Abstract
524 ## - PREFERRED CITATION OF DESCRIBED MATERIALS NOTE
Preferred citation of described materials note Larego, A. M. A., [and four others]. (2014). A dance with my children. University of Rizal System.
546 ## - LANGUAGE NOTE
Language note In English text.
650 #0 - SUBJECT ADDED ENTRY--TOPICAL TERM
Topical term or geographic name entry element Elementary Education
Form subdivision Thesis, Academic.
700 1# - ADDED ENTRY--PERSONAL NAME
Personal name Larego, Aaron Miguel A.,
Relator term researcher.
700 1# - ADDED ENTRY--PERSONAL NAME
Personal name Macabebe, Marissa M.,
Relator term researcher.
700 1# - ADDED ENTRY--PERSONAL NAME
Personal name Nicol, Heike S.J.,
Relator term researcher.
700 1# - ADDED ENTRY--PERSONAL NAME
Personal name Rebaldo, John Josue O.,
Relator term researcher.
700 1# - ADDED ENTRY--PERSONAL NAME
Personal name Untalan, Maribelle A.,
Relator term researcher.
856 ## - ELECTRONIC LOCATION AND ACCESS
Materials specified Online Request for Student Unpublished Works
Uniform Resource Identifier <a href="https://docs.google.com/forms/d/e/1FAIpQLSdtj_eCncT3hgTIbOB8g-3uMYPTK14UGxs8cj-GqWFJPmnTLA/viewform">https://docs.google.com/forms/d/e/1FAIpQLSdtj_eCncT3hgTIbOB8g-3uMYPTK14UGxs8cj-GqWFJPmnTLA/viewform</a>
856 ## - ELECTRONIC LOCATION AND ACCESS
Materials specified Click here to access online
Uniform Resource Identifier <a href="https://drive.google.com/file/d/1HwEveiK0KTX8cTyrk-oik1g2tVcIGuTn/view?usp=drive_link">https://drive.google.com/file/d/1HwEveiK0KTX8cTyrk-oik1g2tVcIGuTn/view?usp=drive_link</a>
942 ## - ADDED ENTRY ELEMENTS (KOHA)
Source of classification or shelving scheme Library of Congress Classification
Koha item type Theses and dissertations
Holdings
Withdrawn status Source of classification or shelving scheme Damaged status Not for loan Collection code Home library Current library Shelving location Date acquired Source of acquisition Total Checkouts Full call number Barcode Date last seen Copy number Price effective from Koha item type
  Library of Congress Classification     Non-fiction Cainta College Library Cainta College Library Undergraduate Theses 05/07/2024 Donation   BEED L374 2014 URSCAI-UGT0422 05/07/2024 c.1 05/07/2024 Theses and dissertations

University of Rizal System
Email us at univlibservices@urs.edu.ph

Visit our Website www.urs.edu.ph/library